Countries with Land Area below Sea Level - Statistics

General Stats
  • This quiz has been taken 280 times
    226 since last reset
  • The average score is 19 of 33
Answer Stats
Elevation Country % Correct
-86 m United States
92%
-28 m Russia
88%
-154 m China
85%
-7 m Netherlands
85%
-4 m United Kingdom
79%
-408 m Israel
74%
-2 m France
72%
-10 m Mexico
72%
-15 m Australia
71%
-408 m Jordan
71%
-3.54 m Germany
69%
-28 m Iran
65%
-133 m Egypt
64%
-132 m Kazakhstan
63%
-7 m Denmark
62%
-105 m Argentina
58%
-4 m Japan
58%
-200 m Syria
58%
-40 m Algeria
57%
-81m Turkmenistan
55%
-12 m Uzbekistan
54%
-47 m Libya
53%
-55 m Morocco
53%
-2.41 m Sweden
52%
-125 m Ethiopia
49%
-17 m Tunisia
47%
-28 m Azerbaijan
45%
-2 m Poland
45%
-75 m Eritrea
35%
-5 m Mauritania
33%
-155 m Djibouti
32%
-46 m Dominican Republic
25%
-2 m Suriname
9%
No matching quizzes found
Score Distribution
Percent of People with Each Score
Percentile by Number Answered
Your Score History
You have not taken this quiz since the last reset